000 00474nam a2200181Ia 4500
001 2151
005 20260306143821.0
008 260306t2014||||xx |||||||||||||| ||spa||
041 _aESP
082 _a615.85
_bM86
100 _aMoreno Fernández, Alicia
_eAUT
245 0 _aManual de terapia sistémica:
_bprincipios y herramientas de intervención
260 _c2014
300 _a597 páginas :
_c21 cm.
650 _aGEN
654 _aCPS
942 _cLIB
_dJUS
_fJUS
_2ddc
_n
999 _c2151
_d2151